[Event "Championnat de France - Open C"]
[Site "PAU"]
[Date "2012.08.25"]
[Round "11.8"]
[White "Parroco, Pierre-Jean"]
[Black "Gobbetto, Jean-Claude"]
[Result "0-1"]
[WhiteElo "1705"]
[BlackElo "1737"]
[PlyCount "66"]

1. e4 Nc6 2. d4 d5 3. exd5 Qxd5 4. Nf3 Bg4 5. Be3 Bxf3 6. Qxf3 Qxf3 7. gxf3 e6
8. c3 Bd6 9. Nd2 h6 10. h4 g6 11. Ne4 Be7 12. Bb5 Kd7 13. Nc5+ Bxc5 14. dxc5
Nge7 15. Bd4 Rhg8 16. Bf6 Kc8 17. c4 a6 18. Ba4 b6 19. cxb6 cxb6 20. O-O-O Ra7
21. Rd6 Rc7 22. Kb1 Rd8 23. Bxe7 Nxe7 24. Rxb6 Rxc4 25. Rc1 Rxc1+ 26. Kxc1 Rd4
27. Rxa6 Kb7 28. Ra5 Rxh4 29. Be8 Rf4 30. Rb5+ Kc7 31. b4 h5 32. a4 h4 33. a5
h3 0-1

[Event "Championnat de France - Open C"]
[Site "PAU"]
[Date "2012.08.25"]
[Round "11.9"]
[White "Laigneau, Arthur"]
[Black "Dieuleveut, Floriane"]
[Result "1/2-1/2"]
[WhiteElo "1737"]
[BlackElo "1677"]
[PlyCount "139"]
[EventDate "2012.??.??"]

1. e4 c5 2. Nc3 Nc6 3. d3 g6 4. g3 Bg7 5. Bg2 d6 6. f4 e6 7. Nf3 Nge7 8. O-O
O-O 9. Bd2 Nd4 10. Rb1 d5 11. e5 Nec6 12. Ne2 Nxf3+ 13. Bxf3 b6 14. c3 Ba6 15.
Be3 Rc8 16. Bf2 Qc7 17. Re1 Rfd8 18. Rc1 Qe7 19. h3 Qd7 20. Kh2 b5 21. d4 cxd4
22. Nxd4 Na5 23. Nb3 Nc4 24. Qe2 Qe7 25. Bd4 b4 26. Qf2 bxc3 27. Rxc3 Rc7 28.
Nc5 Bb5 29. a4 Be8 30. b4 Rdc8 31. Rec1 Bc6 32. Be2 Nb6 33. a5 Na4 34. Nxa4
Bxa4 35. Rxc7 Rxc7 36. Rxc7 Qxc7 37. Bxa7 Qc2 38. b5 Qd2 39. b6 Qb4 40. a6 Bc6
41. b7 Bxb7 42. axb7 Qxb7 43. Qb6 Qxb6 44. Bxb6 Bf8 45. Bd4 Bb4 46. Kg2 Kf8 47.
Bb6 Ke7 48. Kf3 h5 49. g4 Kf8 50. gxh5 gxh5 51. Kg3 Kg7 52. Kh4 Kg6 53. Bd3+
Kh6 54. Bf2 Bd2 55. Kg3 Bc3 56. Kf3 f6 57. Be3 Kg7 58. exf6+ Kxf6 59. Kg3 Be1+
60. Bf2 Bxf2+ 61. Kxf2 e5 62. fxe5+ Kxe5 63. Kg3 Kf6 64. Kh4 Kg7 65. Kxh5 Kh8
66. Kg6 Kg8 67. Kf6 Kh8 68. Kg6 Kg8 69. Kf6 Kh8 70. Kg6 1/2-1/2

[Event "Championnat de France - Open C"]
[Site "PAU"]
[Date "2012.08.25"]
[Round "11.10"]
[White "Aubert, Laurane"]
[Black "Leblanc, Hubert"]
[Result "0-1"]
[WhiteElo "1669"]
[BlackElo "1729"]
[PlyCount "122"]

1. e4 Nf6 2. e5 Nd5 3. d4 d6 4. c4 Nb6 5. exd6 exd6 6. Nc3 Be7 7. Bd3 Nc6 8.
Nge2 Bf6 9. Be3 Qe7 10. Qd2 Nxd4 11. Bxd4 Bxd4 12. O-O Bf6 13. Nf4 O-O 14. Nfd5
Nxd5 15. Nxd5 Qd8 16. Rfe1 c6 17. Nxf6+ Qxf6 18. Rad1 Be6 19. Be2 d5 20. Qb4
Rab8 21. b3 Rfe8 22. Qc5 a6 23. Qb4 Qe7 24. Qc3 Rbd8 25. cxd5 Rxd5 26. Bf3 Rxd1
27. Bxd1 Rd8 28. Bg4 Rd6 29. Bxe6 Rxe6 30. Rxe6 Qxe6 31. Qd2 Qe7 32. h3 h6 33.
Qf4 f6 34. g3 Qe5 35. Qc4+ Kh8 36. Kh2 Qb2 37. Qe6 Qxf2+ 38. Kh1 Qxg3 39. Qc8+
Kh7 40. Qxb7 Qxh3+ 41. Kg1 Qe3+ 42. Kh1 Qe4+ 43. Kg1 Qb1+ 44. Kh2 Qxa2+ 45. Kg1
Qb1+ 46. Kh2 Qc2+ 47. Kg1 Qc5+ 48. Kh2 Qb5 49. Qc8 Qxb3 50. Qxc6 Qb2+ 51. Kg1
Qd4+ 52. Kh2 Qe5+ 53. Kg1 a5 54. Qc2+ f5 55. Qb1 a4 56. Qa2 Qe4 57. Qa1 f4 58.
Qa2 f3 59. Qf7 a3 60. Kh2 a2 61. Qa7 Qb1 0-1